00785nam a22001337a 4500008004100000050002300041245036500064260003400429300002400463440001300487942001200500999001600512952012300528140910b xxu||||| |||| 00| 0 eng d aKF101.A312(Vol 61) aUnited States Supreme Court Reports October term, 1978 Cases Contained in U.S Reports Vol.442 US(opinion pages 465 to end), Vol. 443 Us(opinion pages 1 to end, Opinion in chambers pages 1301 to 1313) Lawyers' Edition second series: Complete with headlines,head notes, statements of case. points and authorities of counsel, footnotes and parallel references. / aRochester:bNew York.,c1980. axxix, 1083p.:c24cm vVol. 61. 2lcccBK c4667d12167 00102lcc4070aWIUC-1bWIUC-1cLLd2014-09-11l0oKF101.A312(Vol 61)p353/13r2014-09-11 00:00:00t1w2014-09-11yBK